European Countries Where Prostitution is Illegal - Statistics

General Stats
  • This quiz has been taken 364 times
  • The average score is 9 of 13
Answer Stats
Country % Correct
Russia
88%
Albania
81%
Serbia
81%
Belarus
79%
Ukraine
77%
Croatia
67%
Moldova
66%
Kosovo
64%
Montenegro
61%
Lithuania
56%
Andorra
54%
San Marino
53%
Liechtenstein
46%
No matching quizzes found
Score Distribution
Percent of People with Each Score
Percentile by Number Answered
Your Score History
You have not taken this quiz